[Event "SVR-ch MTB"]
[Site "Lahnstein"]
[Date "2019.04.13"]
[Round "2"]
[White "Buhr, Patrick"]
[Black "Ley, Sabrina"]
[Result "1/2-1/2"]
[WhiteElo "1814"]
[BlackElo "1835"]
[PlyCount "31"]
[EventDate "2019.04.13"]
[EventType "tourn"]
[EventRounds "7"]
[EventCountry "GER"]
[SourceTitle "EXT 2021"]
[Source "ChessBase"]
[SourceDate "2020.10.23"]
[SourceVersion "1"]
[SourceVersionDate "2020.10.23"]
[SourceQuality "1"]

1. c4 e5 2. Nc3 Nc6 3. g3 Bb4 4. Nd5 Bc5 5. Bg2 Nge7 6. e3 d6 7. Ne2 a6 8. 0-0 0-0 9. b3 Ba7 10. Bb2 f5 11. f4 Kh8 12. Qc2 Ng6 13. Qc3 Be6 14. Rac1 Qd7 15. Kh1 Rac8 16. a3 1/2-1/2

[Event "Rheinland Pfalz op 10th"]
[Site "Nickenich"]
[Date "2018.05.31"]
[Round "2"]
[White "Buhr, Patrick"]
[Black "Begri, Robert"]
[Result "1/2-1/2"]
[WhiteElo "1797"]
[BlackElo "2065"]
[PlyCount "75"]
[EventDate "2018.05.31"]
[EventType "swiss"]
[EventRounds "7"]
[EventCountry "GER"]
[SourceTitle "CBM 184 Extra"]
[Source "ChessBase"]
[SourceDate "2018.06.28"]
[SourceVersion "1"]
[SourceVersionDate "2018.06.28"]
[SourceQuality "1"]

1. c4 Nf6 2. g3 e6 3. Bg2 d5 4. cxd5 exd5 5. d4 Bd6 6. Nc3 c6 7. Bg5 0-0 8. Nf3 Nbd7 9. Rc1 Re8 10. 0-0 h6 11. Bxf6 Nxf6 12. Qd3 Bg4 13. Rfe1 Bh5 14. a3 Bg6 15. Qd2 Qb6 16. e3 Rad8 17. Na4 Qb3 18. Nc5 Bxc5 19. dxc5 Ne4 20. Qe2 Bh5 21. Qc2 Qxc2 22. Rxc2 Bxf3 23. Bxf3 Ng5 24. Bg2 d4 25. h4 Ne6 26. b4 Nc7 27. Rce2 dxe3 28. Rxe3 Rxe3 29. Rxe3 Kf8 30. Kf1 Rd1+ 31. Ke2 Ra1 32. Bh3 Ra2+ 33. Kf3 Ne6 34. Bxe6 fxe6 35. g4 Ke7 36. Kg3 Rc2 37. f4 Kf7 38. h5 1/2-1/2

[Event "SVR-ch MT-B"]
[Site "Hennweiler"]
[Date "2018.03.31"]
[Round "7"]
[White "Zirwes, Hans Juergen"]
[Black "Buhr, Patrick"]
[Result "1-0"]
[WhiteElo "1871"]
[BlackElo "1785"]
[PlyCount "75"]
[EventDate "2018.03.24"]
[EventType "tourn"]
[EventRounds "7"]
[EventCountry "GER"]
[SourceTitle "EXT 2020"]
[Source "ChessBase"]
[SourceDate "2019.10.17"]
[SourceVersion "1"]
[SourceVersionDate "2019.10.17"]
[SourceQuality "1"]

1. d4 d5 2. Nf3 Nf6 3. Bf4 Bf5 4. e3 e6 5. c4 c6 6. Nc3 Nbd7 7. Qb3 Qc8 8. Be2 h6 9. h3 Be7 10. Rc1 dxc4 11. Bxc4 Nb6 12. 0-0 Nxc4 13. Qxc4 0-0 14. Rfe1 Bh7 15. e4 Rd8 16. Be5 b5 17. Qe2 b4 18. Bxf6 Bxf6 19. e5 Be7 20. Ne4 Qb7 21. Nc5 Qb6 22. Qe3 Rd5 23. Na4 Qa6 24. b3 Rad8 25. Rc4 Ra5 26. Rec1 Rc8 27. Nd2 Qb5 28. Ne4 Qd5 29. Nec5 Rb5 30. f3 Bg5 31. f4 Be7 32. Na6 Be4 33. Qd2 f6 34. Qe2 fxe5 35. fxe5 Ra5 36. Nxb4 Bxb4 37. Rxb4 Rf8 38. Nc3 1-0

[Event "Pfalz op-B 9th"]
[Site "Neustadt an der Weinstrasse"]
[Date "2018.02.12"]
[Round "7"]
[White "Bussemer, Karsten"]
[Black "Buhr, Patrick"]
[Result "0-1"]
[WhiteElo "1905"]
[BlackElo "1785"]
[PlyCount "106"]
[EventDate "2018.02.09"]
[EventType "swiss"]
[EventRounds "7"]
[EventCountry "GER"]
[SourceTitle "CBM 182 Extra"]
[Source "ChessBase"]
[SourceDate "2018.02.23"]
[SourceVersion "1"]
[SourceVersionDate "2018.02.23"]
[SourceQuality "1"]

1. d4 d5 2. Bf4 Nf6 3. e3 Bf5 4. c4 c6 5. Nc3 e6 6. Qb3 Qc8 7. h3 Nbd7 8. Nf3 h6 9. Be2 Be7 10. 0-0 0-0 11. Rac1 dxc4 12. Bxc4 Nb6 13. Be2 Nbd5 14. Bh2 Rd8 15. Rfe1 a5 16. a3 Nxc3 17. bxc3 b5 18. Ne5 Ne4 19. f3 a4 20. Qb2 Nd6 21. e4 Bh7 22. c4 f6 23. Ng4 Nxc4 24. Bxc4 bxc4 25. Rxc4 Qa6 26. Rec1 Rac8 27. Kh1 Kh8 28. Qc3 Bg8 29. Ne3 Rd7 30. e5 Rb7 31. Nd1 Rb3 32. Qd2 f5 33. Nb2 Rxa3 34. Qc2 Rb3 35. Nxa4 Rb4 36. Nc5 Qxc4 37. Qxc4 Rxc4 38. Rxc4 Rb8 39. Bg1 Rb1 40. Kh2 Bg5 41. Rc2 Bf4+ 42. g3 Bxg3+ 43. Kg2 f4 44. Nd7 Bh7 45. Rxc6 Rb2+ 46. Kh1 Bf5 47. Rc8+ Kh7 48. Nf8+ Kg8 49. Nxe6+ Kf7 50. Nd8+ Ke7 51. Nc6+ Kd7 52. Rb8 Rd2 53. Rf8 Bxh3 0-1

[Event "SVR-ch MAT"]
[Site "Heimbach Weis"]
[Date "2017.04.09"]
[Round "5"]
[White "Zirwes, Hans Juergen"]
[Black "Buhr, Patrick"]
[Result "0-1"]
[WhiteElo "1824"]
[BlackElo "1737"]
[PlyCount "54"]
[EventDate "2017.04.07"]
[EventType "tourn"]
[EventRounds "9"]
[EventCountry "GER"]
[SourceTitle "EXT 2020"]
[Source "ChessBase"]
[SourceDate "2019.10.17"]
[SourceVersion "1"]
[SourceVersionDate "2019.10.17"]
[SourceQuality "1"]

1. d4 d5 2. Nf3 Nf6 3. Bf4 Bf5 4. e3 e6 5. Bd3 Bxd3 6. cxd3 Be7 7. Nbd2 Nbd7 8. Qb3 b6 9. Rc1 c5 10. 0-0 0-0 11. e4 Rc8 12. Be3 Qc7 13. Rfe1 Qb7 14. Bg5 h6 15. Bh4 g5 16. Bg3 cxd4 17. Rxc8 Rxc8 18. e5 Nc5 19. Qd1 Nfd7 20. Qb1 Qa6 21. Nxd4 Nxd3 22. Rf1 N3xe5 23. N2f3 Nxf3+ 24. gxf3 Kg7 25. Kg2 Qc4 26. Rd1 Bf6 27. b3 Qc5 0-1

[Event "GER-ch U25-A"]
[Site "Willingen"]
[Date "2016.05.16"]
[Round "3"]
[White "Beesk, Kevin"]
[Black "Buhr, Patrick"]
[Result "1-0"]
[WhiteElo "1961"]
[BlackElo "1744"]
[PlyCount "107"]
[EventDate "2016.05.15"]
[EventType "swiss"]
[EventRounds "9"]
[EventCountry "GER"]
[SourceTitle "CBM 172 Extra"]
[Source "ChessBase"]
[SourceDate "2016.06.21"]
[SourceVersion "1"]
[SourceVersionDate "2016.06.21"]
[SourceQuality "1"]

1. e4 Nf6 2. e5 Nd5 3. d4 d6 4. Nf3 Nc6 5. Be2 Bg4 6. exd6 exd6 7. c4 Nb6 8. b3 g6 9. Be3 Bg7 10. Nc3 Qe7 11. 0-0 0-0-0 12. Qd2 Rhe8 13. Rab1 h5 14. Rfc1 Kb8 15. h3 Bf5 16. Bd3 Bxd3 17. Qxd3 f5 18. b4 d5 19. c5 Nc4 20. Nxd5 Rxd5 21. Qxc4 Red8 22. Re1 Qf8 23. b5 Nxd4 24. Nxd4 Bxd4 25. Bxd4 Rxd4 26. Qc3 Rd3 27. Qc4 Qg8 28. Qxg8 Rxg8 29. b6 Rd7 30. Rb3 cxb6 31. cxb6 a6 32. Rbe3 Kc8 33. a4 Kd8 34. a5 Rf7 35. Rc1 Rd7 36. Kh2 Rgg7 37. h4 Rge7 38. Rec3 Re5 39. Rc8+ Ke7 40. R1c7 Rxa5 41. Rg8 Rad5 42. Rg7+ Ke6 43. Rxb7 Rxb7 44. Rxb7 Rb5 45. Rg7 Kd6 46. Rxg6+ Kc5 47. b7 a5 48. Ra6 Kb4 49. Ra7 a4 50. f3 Kb3 51. g4 fxg4 52. fxg4 hxg4 53. Kg3 a3 54. h5 1-0

[Event "GER-ch U25 op-A"]
[Site "Willingen"]
[Date "2015.05.24"]
[Round "1"]
[White "Buhr, Patrick"]
[Black "Riehle, Marco"]
[Result "0-1"]
[WhiteElo "1769"]
[BlackElo "2132"]
[PlyCount "106"]
[EventDate "2015.05.24"]
[EventType "swiss"]
[EventRounds "9"]
[EventCountry "GER"]
[SourceTitle "CBM 166 Extra"]
[Source "ChessBase"]
[SourceDate "2015.06.18"]
[SourceVersion "1"]
[SourceVersionDate "2015.06.18"]
[SourceQuality "1"]

1. c4 c5 2. g3 Nf6 3. Bg2 d5 4. cxd5 Nxd5 5. Nc3 Nc7 6. Nf3 Nc6 7. 0-0 e5 8. d3 Be7 9. Be3 0-0 10. Qc2 Be6 11. Nd2 Qd7 12. Nce4 b6 13. Rfc1 Nd5 14. Nc4 Rac8 15. Bd2 f6 16. a3 Nd4 17. Qd1 b5 18. e3 Nf5 19. Na5 Nb6 20. b4 c4 21. dxc4 Nxc4 22. Nxc4 Bxc4 23. Qe1 Nh6 24. Bc3 f5 25. Nd2 e4 26. Nxc4 bxc4 27. Rc2 Qa4 28. Qe2 Qa6 29. Bb2 Bf6 30. Bxf6 Rxf6 31. Bf1 Rfc6 32. a4 R6c7 33. b5 Qf6 34. Rac1 c3 35. Qd1 Ng4 36. h3 Ne5 37. Qd5+ Kh8 38. a5 h5 39. Be2 Rc5 40. Qb3 h4 41. Kg2 hxg3 42. fxg3 Nd3 43. Rd1 Qe5 44. b6 axb6 45. axb6 Rb5 46. Qa4 Rxb6 47. Bxd3 exd3 48. Rxd3 Rb2 49. Rxb2 cxb2 50. Rb3 Rc2+ 51. Kf3 Qd5+ 52. e4 fxe4+ 53. Qxe4 Rf2+ 0-1

[Event "SVR-op"]
[Site "Heimbach Weis"]
[Date "2014.04.18"]
[Round "6"]
[White "Buhr, Patrick"]
[Black "Weissgerber, Peter"]
[Result "1-0"]
[WhiteElo "1543"]
[BlackElo "1561"]
[PlyCount "33"]
[EventDate "2014.04.11"]
[EventType "swiss"]
[EventRounds "7"]
[EventCountry "GER"]
[SourceTitle "CBM 160 Extra"]
[Source "ChessBase"]
[SourceDate "2014.07.01"]
[SourceVersion "1"]
[SourceVersionDate "2014.07.01"]
[SourceQuality "1"]

1. c4 g6 2. g3 Bg7 3. Bg2 d6 4. Nc3 e6 5. e4 Nd7 6. d4 Ne7 7. Nf3 0-0 8. 0-0 f5 9. Re1 e5 10. exf5 Nxf5 11. Bg5 Qe8 12. dxe5 dxe5 13. Bf4 Qf7 14. Bxe5 Bxe5 15. Nxe5 Nxe5 16. Rxe5 Qxc4 17. Bd5+ 1-0

[Event "SVR-op"]
[Site "Heimbach Weis"]
[Date "2014.04.13"]
[Round "3"]
[White "Reitz, Theresa"]
[Black "Buhr, Patrick"]
[Result "1/2-1/2"]
[WhiteElo "1390"]
[BlackElo "1543"]
[PlyCount "54"]
[EventDate "2014.04.11"]
[EventType "swiss"]
[EventRounds "7"]
[EventCountry "GER"]
[SourceTitle "CBM 160 Extra"]
[Source "ChessBase"]
[SourceDate "2014.07.01"]
[SourceVersion "1"]
[SourceVersionDate "2014.07.01"]
[SourceQuality "1"]

1. e4 c5 2. Nf3 Nc6 3. Bb5 g6 4. 0-0 Bg7 5. c3 e6 6. Re1 Nge7 7. d3 0-0 8. Nbd2 a6 9. Ba4 b5 10. Bc2 Bb7 11. Nf1 d5 12. exd5 exd5 13. d4 cxd4 14. Nxd4 Nxd4 15. cxd4 Nc6 16. Be3 Qf6 17. Bb3 Nxd4 18. Bxd4 Qxd4 19. Qxd4 Bxd4 20. Re2 Rfe8 21. Rd2 Bg7 22. Ne3 d4 23. Nc2 Rad8 24. Rad1 Re7 25. Ne1 Bc8 26. Nd3 Bf5 27. Kf1 Rde8 1/2-1/2